| 000 | 00433nam a2200181Ia 4500 | ||
|---|---|---|---|
| 003 | OSt | ||
| 005 | 20250816093340.0 | ||
| 008 | 250729s2006 xx 000 0 und d | ||
| 040 | _cAL | ||
| 041 | _aeng | ||
| 082 | _a370.15 MATE | ||
| 100 |
_aMangal S K _9221286 |
||
| 245 | _aAn introduction to psychology | ||
| 260 |
_aAgra _bVinod Piustak Mandir _c2006 |
||
| 300 | _a784p | ||
| 650 |
_aPsychology _9221287 |
||
| 942 |
_2ddc _cBED |
||
| 999 |
_c234939 _d234939 |
||